Theories of counselling and psychotherapy an integrative approach (Record no. 178086)

MARC details
000 -LEADER
fixed length control field 00354nam a22001457a 4500
003 - CONTROL NUMBER IDENTIFIER
control field OSt
020 ## - INTERNATIONAL STANDARD BOOK NUMBER
International Standard Book Number 9781412910040
082 ## - DEWEY DECIMAL CLASSIFICATION NUMBER
Classification number 158.3
Item number ELS/CO
100 ## - MAIN ENTRY--PERSONAL NAME
Personal name Jones-Smith, Elise
245 ## - TITLE STATEMENT
Title Theories of counselling and psychotherapy an integrative approach
250 ## - EDITION STATEMENT
Edition statement 1
260 ## - PUBLICATION, DISTRIBUTION, ETC. (IMPRINT)
Place of publication, distribution, etc. New Delhi
Name of publisher, distributor, etc. Sage
Date of publication, distribution, etc. 2012
300 ## - PHYSICAL DESCRIPTION
Extent 663p.
942 ## - ADDED ENTRY ELEMENTS (KOHA)
Source of classification or shelving scheme Dewey Decimal Classification
Koha item type Reference Book
Holdings
Withdrawn status Lost status Source of classification or shelving scheme Damaged status Not for loan Collection code Home library Current library Shelving location Date acquired Cost, normal purchase price Total Checkouts Full call number Barcode Date last seen Price effective from Koha item type
    Dewey Decimal Classification     English Fiction College of Co-operation, Banking & Management Library, Vellanikkara College of Co-operation, Banking & Management Library, Vellanikkara   22/11/2017 5667.00   158.3 ELS/CO KAU_CCBM-16080 22/11/2017 22/11/2017 Reference Book
Kerala Agricultural University Central Library
Thrissur-(Dt.), Kerala Pin:- 680656, India
Ph : (+91)(487) 2372219
E-mail: librarian@kau.in
Website: http://library.kau.in/